LEADER 02464nam0 2200541 i 450 001 BVE0042140 005 20251003044052.0 010 $a8820477785 100 $a20130827d1993 ||||0itac50 ba 101 | $aita 102 $ait 181 1$6z01$ai $bxxxe 182 1$6z01$an 200 1 $aEsperienze e prospettive della programmazione regionale dei trasporti peril Mezzogiorno$fa cura di Giovanni Corona 210 $aMilano$cF. Angeli$d\1993! 215 $a410 p.$d22 cm 225 | $aTrasporti$i. Documenti$v6 300 $aAtti del Convegno tenuto a Cagliari nel 1990. 410 0$1001CFI0247240$12001 $aTrasporti$i. Documenti$v6 606 $aTrasporti$xItalia meridionale$xCongressi$x1990$2FIR$3CFIC065426$9I 606 $aTrasporti$xPolitica regionale$xCongressi$x1990$2FIR$3CFIC065425$9I 606 $aTrasporti$xItalia meridionale$xCongressi$x1990$2FIR$3CFIC065426$9I 676 $a380.50945$9TRASPORTI. ITALIA$v19 676 $a380.50945$9$v21 696 $aConvegni$aCongressi e convegni$aTrasporto 696 $aConvegni$aCongressi e convegni$aTrasporto 696 $aConvegni$aCongressi e convegni$aTrasporto 699 $aCongressi$yConvegni 699 $aCongressi$yCongressi e convegni 699 $aTrasporti$zTrasporto 699 $aCongressi$yConvegni 699 $aCongressi$yCongressi e convegni 699 $aTrasporti$zTrasporto 699 $aCongressi$yConvegni 699 $aCongressi$yCongressi e convegni 699 $aTrasporti$zTrasporto 702 1$aCorona$b, Giovanni$f <1936- >$3CFIV083963 801 3$aIT$bIT-000000$c20130827 850 $aIT-BN0095 $aIT-SA0200 $aIT-NA0457 $aIT-NA0097 901 $bNAP BI$cSALA 3 $nLibri da 1597 a 3785 901 $bNAP 63$cMOD $n$ 901 $bNAP SP$cNF. $nNUOVO FONDO 901 $bNAP 01$cPOZZO LIB.$nVi sono collocati fondi di economia, periodici di ingegneria e scienze, periodici di economia e statistica e altri fondi comprendenti documenti di economia pervenuti in dono. 912 $aBVE0042140 950 0$aBiblioteca Centralizzata di Ateneo$c1 v.$d 01POZZO LIB.ECON MON 8088$e 0101 0000087055E VMA 1 v. (Precedente collocazione: GUERRAZZI B 724)$fB $h20071207$i20071207 977 $a 01$a 63$a BI$a SP 996 $aEsperienze e prospettive della programmazione regionale dei trasporti peril Mezzogiorno$94401741 997 $aUNISANNIO